| 000 | 00797nas a2200241 4500 | ||
|---|---|---|---|
| 001 | BR8400946 | ||
| 003 | BR-BrBNA | ||
| 005 | 20231205085815.0 | ||
| 007 | ta | ||
| 008 | 230509b bl.|||p| |||| 00| 00por d | ||
| 040 |
_aBR-BrBNA _bpor _cBiblioteca Nacional de Agricultura |
||
| 041 | _a(En) | ||
| 072 | _aF30; F00 | ||
| 100 | 1 | _aPopinigis, F. | |
| 245 | 1 | _aGenetic and basic seed situation in Brazil [certificacao de semente, variedade] | |
| 246 | 1 | _aGenetic and basic seed situation in Brazil [seed certification, variety] | |
| 650 | _aSEMENTE | ||
| 650 | _aCERTIFICACAO DE SEMENTE | ||
| 650 | _aVARIEDADE | ||
| 773 | 0 |
_tRevista Brasileira de Sementes (Brazil) _xISSN 0101-3122 _g(1983), v. 5(3) p. 91-125 _wBR8400946 |
|
| 909 |
_a202311 _bLúcia _c55 _dLúcia Elande |
||
| 942 |
_2AGRIS _n0 _cANA |
||
| 999 |
_c113945 _d113945 |
||